Κατάλογος Βιβλιοθηκών Mediterranean College

Η Γυναικεία Επιχειρηματικότητα στην Ελλάδα (Record no. 8595)

MARC details
000 -LEADER
fixed length control field 01818cam a22001934a 4500
005 - ΗΜΕΡΟΜΗΝΙΑ ΚΑΙ ΩΡΑ ΤΕΛΕΥΤΑΙΑΣ ΕΝΗΜΕΡΩΣΗΣ
Πεδίο ελέγχου 20250605164340.0
008 - FIXED-LENGTH DATA ELEMENTS--GENERAL INFORMATION
Πεδίο ελέγχου σταθερού μήκους 250528s ||||||||||||||||||||||||d
035 ## - SYSTEM CONTROL NUMBER
System control number 23594
040 ## - ΠΗΓΗ ΚΑΤΑΛΟΓΟΓΡΑΦΗΣΗΣ
Φορέας πρωτότυπης καταλογογράφησης MC Athens Campus Library
Γλώσσα καταλογογράφησης Ελληνικά, Μοντέρνα (1453-)
Modifying agency MC Athens Campus Library
Κανόνες περιγραφικής καταλογογράφησης AACR2
245 1# - ΤΙΤΛΟΣ ΚΑΙ ΔΗΛΩΣΗ ΥΠΕΥΘΥΝΟΤΗΤΑΣ
Τίτλος Η Γυναικεία Επιχειρηματικότητα στην Ελλάδα
260 ## - PUBLICATION, DISTRIBUTION, ETC.
Date of publication, distribution, etc. 2013
300 ## - PHYSICAL DESCRIPTION
Extent 42
520 ## - SUMMARY, ETC.
Summary, etc. Έννοιες της Επιχειρηματικότητας, Ορισμοί Είδη Επιχειρηματικότητας, Γυναικεία Επιχειρηματικότητα, Στατιστικά Στοιχεία, Πλαίσια και Χαρακτηριστηκά Συνθήκες Ανάπτυξης, Πίνακες Γυναικείας Επιχειρηματικότητας, Αποτύπωση Δυναμικής Γυναικείας Επιχειρηματικότητας, σε Υφιστάμενη Επιχείρηση (Βιοτεχνία) με Διερεύνηση και Μελέτη, Διαδρόμη της Επιχείρησης την Περίοδο 1991-2008, Αποτελέσματα Ανάλυσης Περιόδου Προ Κρίσης, η Αντιμετώπιση στην Κρίση και η Αντιμετώπιση των Προβλημάτων μέσω SWOT Analysis, Στοιχεία Προώθησης Γυναικείας Επιχειρηματικότητας, Προγράμματα και Φορείς για την Ενίσχυση της Γυναικείας Επιχειρηματικότητας (ΕΣΠΑ, LEADER, Προγράμματα Ανέργων), Προτάσεις, Συμπεράσματα, Βιβλιογραφία.
700 1# - ΠΡΟΣΘΕΤΗ ΑΝΑΓΡΑΦΗ--ΦΥΣΙΚΟ ΠΡΟΣΩΠΟ
Personal name Καννέλος Νικόλαος
9 (RLIN) 9180
700 1# - ΠΡΟΣΘΕΤΗ ΑΝΑΓΡΑΦΗ--ΦΥΣΙΚΟ ΠΡΟΣΩΠΟ
Personal name Κωνσταντινάκη Ανδρονίκης
9 (RLIN) 9181
942 ## - ADDED ENTRY ELEMENTS (KOHA)
Koha item type Διπλωματική εργασία
Holdings
Τύπος τεκμηρίου Βιβλιοθήκη Τρέχουσα τοποθεσία Barcode Ημερομηνία απόκτησης Ταξιθετικό σύμβολο Αριθμός αντιτύπου Κατάσταση απόσυρσης Κατάσταση χαμένου Κατάσταση κατεστραμμένου Μη δανεισμός Σύνολο δανεισμών Ημερομηνία τελευταίας εμφάνισης Η τιμή ισχύει από
Διπλωματική εργασία MC Athens Campus Library MC Athens Campus Library 9780000085948 05/06/2025 BUS 2013 (21) 1           05/06/2025 05/06/2025

MC Athens Campus Library
Πατησίων 94 & Κοδριγκτώνος 13, 104 34
Πελλήνης 8 & Πατησίων 107, 112 51
Τ: +30 210 8899600

MC Thessaloniki Campus Library
Ίωνος Δραγούμη 21, 54625 | Ίωνος Δραγούμη 15, 54625
Τ: +30 2310 287779 – Τ: +30 2314 440300